000 00343nam a2200133Ia 4500
005 20251222143222.0
008 251222s9999||||xx |||||||||||||| ||spa||
082 _a985.05/C76/Ej.2
100 _aContreras, Carlos
245 0 _aHistoria del Perú contemporáneo:
250 _a2a.
264 _bInstituto de Estudios Peruanos
942 _cLIB
999 _c13865
_d13865